|
|
|
|
| LEADER |
01118nam a2200277 a 4500 |
| 001 |
4014670 |
| 003 |
BD-DhAAL |
| 008 |
091226s1997 enk b 000 0 eng d |
| 999 |
|
|
|c 6423
|d 6423
|
| 010 |
|
|
|a \\\97003800
|
| 020 |
|
|
|a 0340596627
|
| 020 |
|
|
|a 0340762799
|
| 040 |
|
|
|a DLC
|c DLC
|d DLC
|d BD-DhAAL
|
| 082 |
0 |
0 |
|a 305.42/01
|2 21
|
| 100 |
1 |
|
|a Andermahr, Sonya.
|9 45487
|
| 245 |
1 |
2 |
|a A glossary of feminist theory /
|c Sonya Andermahr, Terry Lovell, Carol Wolkowitz.
|
| 260 |
|
|
|a London ;
|a New York :
|b Arnold ;
|a New York :
|b Distributed exclusively in the USA by St. Martin's Press,
|c 1997.
|
| 300 |
|
|
|a 351 pages ;
|c 24 cm.
|
| 504 |
|
|
|a Includes bibliographical references (p. [295]-351).
|
| 541 |
1 |
|
|e 00014130
|
| 650 |
|
0 |
|a Feminist theory
|x Terminology.
|9 45488
|
| 700 |
1 |
|
|a Lovell, Terry.
|9 45489
|
| 700 |
1 |
|
|a Wolkowitz, Carol.
|9 45490
|
| 852 |
4 |
|
|a Ayesha Abed Library
|j General shelf
|
| 942 |
0 |
0 |
|0 1
|2 ddc
|c BK
|
| 952 |
|
|
|0 0
|1 0
|2 ddc
|4 0
|6 305_420100000000000_AND
|7 0
|9 6490
|a BRACUL
|b BRACUL
|c GEN
|d 2009-12-26
|g 1292.00
|l 6
|m 17
|o 305.4201 AND
|p 3010014130
|r 2025-11-22
|s 2025-11-06
|t 1
|w 2009-12-26
|y BK
|x Price available in register book.
|